Normal view
MARC view
- Mukund Narayan
Entry Personal Name
001 - CONTROL NUMBER
- control field: 1011
003 - CONTROL NUMBER IDENTIFIER
- control field: OSt
005 - DATE AND TIME OF LATEST TRANSACTION
- control field: 20160718155329.0
008 - FIXED-LENGTH DATA ELEMENTS
- fixed length control field: 160718|| aca||aabn | a|a d
040 ## - CATALOGING SOURCE
- Original cataloging agency: OSt
- Transcribing agency: OSt
100 ## - HEADING--PERSONAL NAME
- Personal name: Mukund Narayan
670 ## - SOURCE DATA FOUND
- Source citation: Work cat.: (OSt): Mukund Narayan, A Reference Manual of Soil and Water Conservation Engineering, 2014
